Captació i retenció del talent per als governs locals : 2022-2030 2022-2030
Descripción Física:
11 pàgines ; il·lustracions en color ; 21 x 30 cm
Materias:
Administració local -- Funcionaris i empleats
; Administració local -- Orientació professional
Idioma:
Catalán
MARC
| LEADER | 00000nam a22000007a 4500 | ||
|---|---|---|---|
| 001 | 27637 | ||
| 003 | Arxiu | ||
| 005 | 20260324181158.0 | ||
| 008 | 230403b spa||||| |||| 00| 0 cat d | ||
| 017 | |a B 15704-2022 | ||
| 040 | |a agdb |b cat | ||
| 110 | |a Barcelona (Catalunya : Província). |b Gerència de Serveis d'Assistència al Govern Local |9 52197 | ||
| 245 | |a Captació i retenció del talent per als governs locals : |b 2022-2030 | ||
| 260 | |a Barcelona : |b Diputació de Barcelona ; |c 2022 | ||
| 300 | |a 11 pàgines ; |b il·lustracions en color ; |c 21 x 30 cm | ||
| 650 | 0 | |9 56033 |a Administració local |x Funcionaris i empleats | |
| 650 | 0 | |9 54971 |a Administració local |x Orientació professional | |
| 710 | |a Barcelona (Catalunya : Província). |b Àrea d'Innovació, Governs Locals i Cohesió Territorial |9 56030 | ||
| 942 | |2 udc |c ARXIU |n 1 | ||
| 952 | |0 0 |1 0 |2 udc |4 0 |6 FU7523 |7 1 |9 65925 |a Arxiu |b Arxiu |d 2023-04-03 |l 0 |o FU-75-23 |p 27637 |r 2023-04-03 00:00:00 |w 2023-04-03 |y ARXIU | ||
| 999 | |c 83302 |d 83302 | ||